000 00477nam a2200205Ia 4500
001 13869
003 GE_BSU
008 181216s||||||||xx |||||||||||||| ||und||
020 _a0340703415
040 _cGE_BSU
080 _a821.111-3
100 _aHoward,Audrey.
245 4 _aThe Woman from Browhead.
260 _aLondon.
260 _bCoronet Books.Hodder and stoughton.
260 _c1994
300 _a596p;18cm.
653 _aThe Woman from Browhead.
942 _cBK
999 _c47013
_d47013